000 00600nam a2200217Ia 4500
005 20241129115747.0
008 241129s9999||||xx |||||||||||||| ||und||
020 _a9789382109136
037 _aTB
040 _aSDCL
_beng
_cSDCL
041 _ahin
_2hin
084 _aO152,1J32,1:g R2
_qSDCL
100 _aPrabhupada A.C.; Bhaktivedanta Swami
245 0 _aValmik Ramayana (Hindi)
260 _aDelhi
_bBhakti vikash prakashan India
_c2022
300 _axii,528p
365 _aINR
_b300
650 _aReference
942 _cTB
_hO152,1J32,1:g R2
999 _c1231895
_d1231895